| Tag |
First Indicator |
Second Indicator |
Subfields |
| LEADER |
00000cam a2200000 4500 |
| 001 |
in00000044915 |
| 005 |
20151007065129.0 |
| 008 |
770816s1957 ilua b 10000 eng |
| 010 |
|
|
|a 57006861
|
| 035 |
|
|
|a (OCoLC)03190724
|
| 035 |
|
|
|9 AAE1347AM
|
| 040 |
|
|
|a DLC
|c MUB
|d TXA
|d UtOrBLW
|
| 049 |
|
|
|a TXAM
|c [298748]
|
| 050 |
0 |
0 |
|a QH547
|b .T4 1956
|
| 092 |
|
|
|a 574.55
|b T356h
|
| 110 |
2 |
|
|a University of Texas.
|b Medical Branch.
|
| 245 |
1 |
0 |
|a Host-parasite relationships in living cells ;
|b a symposium /
|c sponsored by the James W. McLaughlin fellowship program, April 27, 1956, Compiled and edited by Harriet M. Felton.
|
| 264 |
|
1 |
|a Springfield, Ill. :
|b Thomas,
|c [1957]
|
| 300 |
|
|
|a xix, 245 pages :
|b illustrations (part color) diagrams, tables. ;
|c 24 cm.
|
| 336 |
|
|
|a text
|b txt
|2 rdacontent
|
| 337 |
|
|
|a unmediated
|b n
|2 rdamedia
|
| 338 |
|
|
|a volume
|b nc
|2 rdacarrier
|
| 500 |
|
|
|a Includes bibliographies and bibliographical footnotes.
|
| 650 |
|
0 |
|a Cytology.
|
| 650 |
|
0 |
|a Parasitism.
|
| 700 |
1 |
|
|a Felton, Harriet M.
|q (Harriet Mayhew),
|d 1908-
|
| 999 |
|
|
|a MARS
|
| 999 |
f |
f |
|s a6adb401-371d-37bc-83d9-ae4ec577fa62
|i 4b3bfb18-f978-33e3-9c5f-c9b60ee7a1c0
|t 0
|
| 952 |
f |
f |
|p ric
|a Texas A&M University
|b Rellis Campus
|c Joint Library Facility
|d Remote Storage
|t 0
|e QH547 .T4 1956
|h Library of Congress classification
|i unmediated -- volume
|m A14800974599
|
| 998 |
f |
f |
|a QH547 .T4 1956
|t 0
|l Remote Storage
|